000 00336 a2200157 4500
001 53479
020 _a
040 _cAnchieta - Pituba
100 _aHenrique, Renato e Álvaro
240 1 0 _a2ª Química, I unidade
_lpor
245 1 0 _a2ª Química, I unidade
300 _a7
362 0 _a2016
650 4 _aQuímica
942 _cBK
999 _c53479
_d53479